000 00609nam a22001697a 4500
008 160321b xxu||||| |||| 00| 0 eng d
020 _a0-07-319153-1
082 _22006
_aDC 370.973
_bN72t
100 _913173
_aNoll, James Wm.
245 _aTaking sides:
_bclashing views on conroversial educational issues/
_cSelected, edited, and with introductions by James Wm. Noll
250 _aThirteenth Expanded Edition
260 _aNew York:
_bMcGraw-Hill Companies, Inc.,
_cc2006.
300 _axxii, 442 pages;
_c23 cm.
500 _aIncludes index.
650 0 _913174
_aEducation
_zUnited States
942 _2ddc
_cDC
999 _c3938
_d3938